Gaming Quiz

Random Gaming or Nintendo Quiz
Score 0/156 Timer 15:00
0 Plays Today
dex # Name % Correct
1Snivy
98.5%
4Tepig
97.5%
6Emboar
94.6%
7Oshawott
94.2%
3Serperior
92.7%
5Pignite
90.8%
0Victini
90.6%
8Dewott
90.4%
2Servine
90%
9Samurott
89.8%
150Zekrom
83.3%
12Lillipup
82.3%
17Pansage
82.1%
25Pidove
81.9%
19Pansear
81.5%
149Reshiram
81.5%
10Patrat
81%
21Panpour
81%
18Simisage
80%
20Simisear
80%
13Herdier
79.8%
22Simipour
79.8%
11Watchog
79.6%
14Stoutland
78.5%
27Unfezant
77.5%
26Tranquill
75.8%
29Zebstrika
74%
57Sandile
73.5%
116Axew
73.3%
48Leavanny
73.1%
16Liepard
72.9%
46Sewaddle
72.5%
30roggenrola
72.3%
31Boldore
72.1%
15Purrloin
71.5%
28Blitzle
71.5%
139Deino
70.6%
45Sawk
69.8%
58Krokorok
69.6%
23Munna
69.4%
32Gigalith
69.4%
24Musharna
69.2%
59Krookodile
69.2%
118Haxorus
69%
152Kyurem
68.8%
33Woobat
68.3%
44Throh
68.3%
38Timburr
68.1%
39Gurdurr
67.9%
40Conkeldurr
67.3%
43Seismitoad
67.1%
47Swadloon
67.1%
dex # Name % Correct
113Litwick
66.7%
41Tympole
66.5%
105Klink
66.5%
34Swoobat
66.3%
42Palpitoad
66.3%
68Yamask
66%
115Chandelure
66%
117Fraxure
65.8%
120Beartic
65.8%
144Cobalion
65.8%
36Excadrill
65.6%
93Emolga
65.6%
145Terrakion
65.4%
141Hydreigon
65.2%
49Venipede
65%
90Vanilluxe
64.8%
146Virizion
64.8%
106Klang
64.6%
107Klinklang
64.6%
155Genesect
64.6%
35Drilbur
64.2%
61Darmanitan
64.2%
119cubchoo
64.2%
50Whirlipede
64%
88Vanillite
64%
151Landorus
64%
52Cottonee
62.9%
114Lampent
62.9%
147Tornadus
62.7%
60Darumaka
62.5%
51Scolipede
61.9%
89Vanillish
61.7%
101Joltik
61.5%
153Keldeo
61.5%
82Gothitelle
61%
148Thundurus
61%
154Meloetta
60.8%
87Swanna
60.2%
80Gothita
59.8%
69Cofagrigus
59.6%
65Scraggy
59.4%
86Ducklett
59.4%
74Trubbish
59%
108Tynamo
59%
76Zorua
58.8%
91Deerling
58.3%
84Duosion
57.9%
102Galvantula
57.9%
99Jellicent
57.7%
140Zweilous
57.7%
72Archen
57.5%
73Archeops
57.5%
dex # Name % Correct
83Solosis
57.5%
53Whimsicott
57.3%
110Eelektross
57.3%
134Braviary
57.3%
66Scrafty
57.1%
77Zoroark
57.1%
138Durant
57.1%
37Audino
56.9%
55Lilligant
56.7%
98Frillish
56.5%
63Dwebble
56.3%
121Cryogonal
56.3%
137Heatmor
56%
127Druddigon
55.8%
67Sigilyph
55.6%
75Garbodor
55.4%
81Gothorita
55.4%
56Basculin
55%
64Crustle
55%
85Reuniclus
55%
92Sawsbuck
55%
54Petilil
54.8%
131Bisharp
53.5%
71Carracosta
53.3%
103Ferroseed
53.1%
109Eelektrik
53.1%
133Rufflet
53.1%
124Stunfisk
52.9%
128Golett
52.9%
130Pawniard
52.7%
70Tirtouga
52.5%
129Golurk
52.5%
104Ferrothorn
52.1%
94Karrablast
50.8%
135Vullaby
50.6%
143Volcarona
50.2%
95Escavalier
50%
122Shelmet
49.8%
125Mienfoo
49.2%
136Mandibuzz
49%
142Larvesta
49%
62Maractus
48.5%
126Mienshao
48.1%
123Accelgor
47.7%
132Bouffalant
46%
100Alomomola
44.4%
78Minccino
44.2%
96Foongus
44%
79Cinccino
42.9%
97Amoonguss
40.4%
111Elgyem
40%
112Beheeyem
39.2%
Remove Ads.
Support Sporcle.
Get the best of Sporcle when you Go Orange. This ad-free experience offers more features, more stats, and more fun while also helping to support Sporcle. Thank you for becoming a member.

You're not logged in!

Compare scores with friends on all Sporcle quizzes.
OR
Log In

Sporcle TV

Today on Sporcle TV


Watch our educational content, quiz creation guides, and fun videos on Sporcle TV.

Show Comments

Extras

Top Quizzes Today


Score Distribution

Paid Content

Your Account Isn't Verified!

In order to create a playlist on Sporcle, you need to verify the email address you used during registration. Go to your Sporcle Settings to finish the process.

Report this User

Report this user for behavior that violates our Community Guidelines.

Details: